| 000 | 00903nam a2200217Ia 4500 | ||
|---|---|---|---|
| 999 |
_c37872 _d37872 |
||
| 001 | 3850 | ||
| 003 | GE_BSU | ||
| 005 | 20190813173517.0 | ||
| 008 | 181216s1957||||ge |||||||||||||| ||geo|| | ||
| 040 | _cGE_BSU | ||
| 041 | _ageo | ||
| 080 | _a159.9.07 ბ–89 | ||
| 100 |
_aბოჭორიშვილი, ანგია _9767 |
||
| 245 |
_aფსიქოლოგიის პრინციპული საკითხები : _bბურჟუაზიული ფსიქოლოგიის კრიტიკა ნ.1 / |
||
| 264 |
_a თბ. : _b საქ. სსრ მეცნ. აკად. გამ-ბა, _c1957. |
||
| 300 |
_a494 გვ.; _b23 სმ. |
||
| 300 | _eბიბლიოგრაფია გვ. 489–491 | ||
| 653 | _aბურჟუაზიული ფსიქოლოგია | ||
| 653 | _aფსიქოლოგია | ||
| 942 |
_cBK _2udc |
||